| 000 | 00573cam a22002053a 4500 | ||
|---|---|---|---|
| 001 | 38662 | ||
| 003 | PGUSA | ||
| 005 | 20140828083843.0 | ||
| 008 | 120124s2012||||xxu|||||s|||||000 | eng d | ||
| 040 |
_aPGUSA _beng |
||
| 042 | _adc | ||
| 100 | 1 | _aShorter, Clement K. | |
| 245 | 1 | 4 |
_aThe Life of George Borrow _h[electronic resource] / _cClement K. Shorter |
| 260 |
_bProject Gutenberg, _c2012 |
||
| 506 | _aPublic domain in the USA. | ||
| 516 | _aElectronic text | ||
| 830 | 0 |
_aProject Gutenberg _v38662 |
|
| 856 | 4 | 0 | _uhttp://www.gutenberg.org/ebooks/38662 |
| 942 | _cEB | ||
| 999 |
_c267916 _d267916 |
||